000
00318nam a22001457a 4500
008
180827b xxu||||| |||| 00| 0 eng d
020
_a
9780072524857
041
_a
eng
080
_a
33
082
_2
33
100
_a
59
101
_a
BUS
245
_a
COMPLETE BUSINESS STATISTICS
_c
ACZEL.A.D
942
_2
udc
_c
BK
999
_c
47347
_d
47347